Quizzes
Events
Quiz Creation
Community
Videos
Private Events
Remove Ads
Sign In
Join for FREE
Feedback
Dark Mode
Quiz Categories
Sports
Geography
Music
Movies
Television
Just For Fun
Miscellaneous
History
Literature
Language
Science
Gaming
Entertainment
Religion
Holiday
For Kids
Quiz Lab
Recent
Popular Today
Quiz Kudos Today
Editor Picks
Curator Picks
Quizzes by...
Day
Popularity
Type
Ratings
Length
Year
Community
Subscriptions
Recent Discussions
Orange Saloon
Badges
Playlists
Quests
Create
Leaderboards
Showdown
Live 5
Trivia Bingo
Activity
Puzzle Library
Sporcle Events
Private Events
Virtual Trivia
Globe League
Become a Host
Pub Owners
SporcleCon
Opinionation
Our Games
Videos
Blog
Mobile Apps
Partnerships
Remove Ads and Go Orange
Feedback
Television
TV Characters
TV Show
Sitcom
Network
Friends
Reality Shows
Cast
South Park
Star Trek
The Simpsons
Doctor Who
Television
TV Characters
TV Show
Sitcom
Network
Friends
Reality Shows
Cast
South Park
Star Trek
The Simpsons
Doctor Who
Random Quiz
Search Sporcle
×
Quiz Lab
Quiz Lab
Television
Quote
Type in answers that appear in a list
Type in answers that appear in a list
Classic
Best Score? Go Orange.
Psych tv show quotes Stats
Can you name the psych tv show quotes?
By
Sneaky31
4m
8 Questions
4,406 Plays
4,406 Plays
4,406 Plays
Comments
Comments
Give Quiz Kudos
Give Quiz Kudos
-
- Ratings
hide this ad
Forced Order
Answers have to be entered in order
Answers have to be entered in order
Replay
Link that replays current quiz
Next Quiz
Link to next quiz in quiz playlist
You Got
0%
They Got
Avg Score
94%
Avg Friend Score
Upgrade to see
Score Distribution
Jump to the score distribution portion of the page
Score
0/8
Timer
04:00
0
Plays Today
quote
character
% Correct
'Get out of here. You know I have the same tattoo. They spelled bloodthirsty wrong on mine, can you believe it?'
Shawn
98.7%
'I had no idea you were so serious about bowling.' Quite serious, quite serious. Matter of fact, LEGO wants to sponsor me this year.Oh my God, that's great. They also want me to we
Shawn and Juliet
96.2%
'You named your fake detective agency 'Psych?' Why didn't you just call it Hey, we're fooling you and the police department; hope we don't make a mistake and somebody dies because
Gus
95.7%
'Brazilian airport codes. How do you know that? I lived in an airport for a month, Gus. That was Tom Hanks in The Terminal! Same difference.'
Shawn and Gus
95.7%
'Don't worry. When Gus is scared, he can cling to something like a drowning cat.'
Shawn
95.3%
'Oh, you mean my pilot's license? That's out back in the Cessna. Or perhaps you're refering to my license to kill. Revoked. Trouble at the Kazakhstan border. I could give you the d
Shawn
93.1%
'Do you think it could be PTSD? I think it's slightly more serious than a mere menstrual issue.'
Shawn and Gus
92.5%
'My water just broke. Are you sure? No, Carlton, there's water spilling out of me for some other reason! Oh no... Oh, can you move my briefcase?'
Vick and Lassiter
91.4%
Quiz Playlist
Details
Report
Send in Message
Add To Playlist
Classic:
Type in answers that appear in a list
Forced Order:
Answers have to be entered in order
Last Updated: Apr 30, 2017
Quiz Scoreboard
CHALLENGE
Sign Up to Join the Scoreboard
Show All
Scores
Hide
Comments
May contain spoilers
Recently Published
An Introduction to Baseball
by treessimontrees
Sports
5m
Movies - When Are They Set?
by FPL_Elf
Movies
5m
Popular People in 1961
by mucciniale
History
6m
More to Explore
Quiz From the Vault
Featured Blog Post
Where Did the Easter Bunny Come From?
hide this ad
You Might Also Like...
Tags
Quote Quiz
Show Quiz
Character
Psych
Today's Top Quizzes in Television
Browse Television
hide this ad
Today's Top Quizzes in Quote
Browse Quote
Top Contributed Quizzes in Television
1
One Piece Logic Puzzle
2
Survivor Logic Puzzle: Heroes vs. Villains
3
5-to-1: The Simpsons Families
4
Survivor Seasons
5
Survivor Season by Logo
6
5-to-1: Television Doctors
7
7-to-1: TV Show Settings
8
One Thing in Common: Television
9
Survivor Trivia
10
5-to-1: Streaming Originals
Explore More
Trending Topics
Harry Potter
Anime
Kpop
Crossword
Marvel
NBA
Disney
Soccer
The Office
Puzzle
Pokémon
Song
WWE
NFL
Country
hide this ad
More By:
Sneaky31
Quiz
Plays
Rating
Category
Featured
Created
psych tv show quotes
4,406
2.33
Television
Feb 6, 2010
Lost quotes
1,147
3.80
Television
Feb 6, 2010
psych tv show characters
1,045
2.67
Television
Jan 22, 2010
Top 10 Players in the World Golf Rankings
693
3.00
Sports
Feb 6, 2010
MLB players new teams from the offseason
189
3.00
Sports
Jan 29, 2010
Go to Creator's Profile
Score Distribution
Quiz Creator Spotlight
Sneaky31
Follow
Send a Message
Quizzes Created
-
Created Quiz Play Count
-
More By This Creator
Popular Quizzes Today
1
Find the Countries of Europe - No Outlines Minefield
2
Find the US States - No Outlines Minefield
3
The Countries of the World
4
Popular People in 1961
5
Find the US States
6
US States
7
1-10 Letter E Words III
8
Risky Map Clicking: Biggest States A-Z
More Television Quizzes
SpongeBob: 'Plankton!' Scenes in Order
Quiz Lab
Trending Quizzes
Risky Map Clicking: Least Populous States A-Z
1-10 Letter F Words
1-10 Letter G Words
Not Quite an Element Typing Challenge
One Thing in Common: United Kingdom
Recently Updated
Leaping Animals
pecheneg
Reality TV Shows (A-Z)
bhenderson79
Rickey Henderson's Hall of Fame Teammates
pecheneg
Champions League XIs: Arsenal
pecheneg
Quick Pick: Celebrities in WWE's Hall of Fame
aduchscher
A-Z Keypad Blitz II
pecheneg
Multiple Oscar Actors
pecheneg
Mystery Phrase Blitz: Oscar 'Best Actors'
pecheneg
F. Scott Fitzgerald Novels
LTH
Pick 3 Villains
ddd62291
Trending Topics
Disney
Kpop
Harry Potter
Anime
Marvel
Crossword
NBA
Song
Country
Puzzle
NFL
WWE
The Office
Soccer
Pokémon
Your Account Isn't Verified!
In order to create a playlist on Sporcle, you need to verify the email address you used during registration. Go to your
Sporcle Settings
to finish the process.
Report this User
Report this user for behavior that violates our
Community Guidelines
.
Details:
Send Report
Go to the Sporcle.com Mobile Site →
Comments